| 000 | 00466nam a2200169Ia 4500 | ||
|---|---|---|---|
| 003 | GCL | ||
| 008 | 140319s9999 xx 000 0 eng d | ||
| 040 |
_aGCL / _cGCL |
||
| 082 | 0 | 4 |
_a665.53 _bG P |
| 100 | 1 | _aGARY, JAMES H. | |
| 245 | 1 | 0 |
_aPETROLEUM REFINING: TECHNOLGICAL AND ECONOMICS / _cGARY, JAMES H. |
| 700 | 1 | _aHARD WERK, GLENNE. | |
| 260 |
_a[S.N] : _bMARCEL DEKKER, INC ، _c1994 |
||
| 300 | _a465 P | ||
| 650 | 0 | 4 | _aPETROLEUM - REFINING |
| 942 |
_2ddc _cBK |
||
| 999 |
_c20973 _d20973 |
||